[Event "EU-ch 23rd"]
[Site "Vrnjacka Banja"]
[Date "2023.03.13"]
[Round "11"]
[White "Todorovic, Goran N"]
[Black "Manko, Mariya"]
[Result "1/2-1/2"]
[WhiteElo "2296"]
[BlackElo "2159"]
[PlyCount "126"]
[EventDate "2023.03.03"]
[EventType "swiss"]
[EventRounds "11"]
[EventCountry "SRB"]
[SourceTitle "CBM 213"]
[Source "ChessBase"]
[SourceDate "2023.04.30"]
[SourceVersion "1"]
[SourceVersionDate "2023.04.30"]
[SourceQuality "1"]

1. Nf3 c5 2. b3 Nf6 3. Bb2 g6 4. c4 Nc6 5. g3 Bg7 6. Bg2 0-0 7. 0-0 Rb8 8. Nc3 d5 9. Nxd5 Nxd5 10. Bxg7 Kxg7 11. cxd5 Qxd5 12. Qc2 Qd6 13. Qb2+ e5 14. d3 b6 15. a3 a5 16. Nd2 Bb7 17. Nc4 Qd4 18. Rfb1 Qxb2 19. Rxb2 Nd4 20. e3 Nb5 21. Nxe5 Rfd8 22. Rd2 Bxg2 23. Kxg2 Rd5 24. Nc4 a4 25. bxa4 Nc3 26. Nb2 Ra8 27. Rc1 Nxa4 28. Nxa4 Rxa4 29. Rc3 b5 30. Rb2 c4 31. dxc4 Rxc4 32. Rcb3 Ra4 33. Kf3 Rd7 34. Rc2 Rda7 35. Rcc3 Rb7 36. Rb4 Rba7 37. Rxa4 Rxa4 38. Rb3 Kf6 39. Ke2 Ke6 40. Kd2 Kd6 41. Kc2 h5 42. Rd3+ Kc5 43. Kb3 Ra7 44. Rd4 Re7 45. h4 Ra7 46. g4 hxg4 47. Rxg4 Re7 48. Rg5+ Kc6 49. h5 gxh5 50. Rxh5 Re6 51. Rf5 Re7 52. Rf4 Kc5 53. Rf6 Ra7 54. Rf5+ Kb6 55. Rd5 Kc6 56. e4 Re7 57. f3 Ra7 58. Kb2 Kb6 59. Rd3 Kc5 60. Kb3 Kc6 61. Rd5 Kb6 62. Rh5 Rd7 63. Rf5 Kc6 1/2-1/2

[Event "Belgrade Gligoric 100 Ann op"]
[Site "Belgrade"]
[Date "2023.02.05"]
[Round "5"]
[White "Damljanovic, Branko"]
[Black "Todorovic, Goran N"]
[Result "1-0"]
[WhiteElo "2420"]
[BlackElo "2296"]
[PlyCount "63"]
[EventDate "2023.02.05"]
[EventType "swiss (blitz)"]
[EventRounds "11"]
[EventCountry "SRB"]
[SourceTitle "EXT 2024"]
[Source "ChessBase"]
[SourceDate "2023.10.10"]
[SourceVersion "1"]
[SourceVersionDate "2023.10.10"]
[SourceQuality "1"]

1. Nf3 f5 2. g3 Nf6 3. Bg2 d6 4. d4 e6 5. b3 Be7 6. Bb2 0-0 7. Nbd2 Ne4 8. c4 Bf6 9. Qc2 Nxd2 10. Qxd2 Qe8 11. 0-0 Nc6 12. d5 Nd8 13. Rac1 e5 14. c5 Nf7 15. cxd6 cxd6 16. Rc7 Bd8 17. Rc2 Bb6 18. a4 a5 19. Rfc1 Qe7 20. e3 Bd7 21. Ba3 e4 22. Nd4 Ne5 23. Rc3 Nd3 24. Rxd3 exd3 25. Qxd3 Rac8 26. Rxc8 Rxc8 27. Nxf5 Bxf5 28. Qxf5 Rc3 29. Bh3 Rxb3 30. Qc8+ Kf7 31. Be6+ Kg6 32. Qc2+ 1-0

[Event "Belgrade Trifunovic Memorial"]
[Site "Belgrade"]
[Date "2022.12.24"]
[Round "5"]
[White "Nedeljkovic, Dragan"]
[Black "Todorovic, Goran N"]
[Result "0-1"]
[WhiteElo "2017"]
[BlackElo "2296"]
[PlyCount "76"]
[EventDate "2022.12.24"]
[EventType "swiss (rapid)"]
[EventRounds "9"]
[EventCountry "SRB"]
[SourceTitle "EXT 2024"]
[Source "ChessBase"]
[SourceDate "2023.10.10"]
[SourceVersion "1"]
[SourceVersionDate "2023.10.10"]
[SourceQuality "1"]

1. e4 c5 2. c3 Nf6 3. e5 Nd5 4. d4 cxd4 5. Qxd4 e6 6. Bc4 Nc6 7. Qe4 Nde7 8. Nf3 Nf5 9. Bb3 Be7 10. 0-0 0-0 11. Bf4 d5 12. Qe2 Bd7 13. Nbd2 a6 14. Bc2 Nh4 15. Nxh4 Bxh4 16. Qd3 g6 17. Nf3 Be7 18. Rad1 Na5 19. Rfe1 Bb5 20. Qd2 Nc4 21. Qc1 Re8 22. Nd4 Bd7 23. g3 Rc8 24. h4 b5 25. a3 a5 26. Bg5 f6 27. exf6 Bxf6 28. Nf3 Rf8 29. Bb3 Bxg5 30. Nxg5 Qf6 31. f4 Nd6 32. Bxd5 exd5 33. Rxd5 Bg4 34. Qd2 Nc4 35. Qf2 Rfe8 36. Rxb5 Rxe1+ 37. Qxe1 Rd8 38. Ne4 Qe6 0-1

[Event "Belgrade Trifunovic Memorial"]
[Site "Belgrade"]
[Date "2022.12.24"]
[Round "2"]
[White "Todorovic, Goran N"]
[Black "Popadic, Dragan B"]
[Result "1/2-1/2"]
[WhiteElo "2296"]
[BlackElo "2090"]
[PlyCount "87"]
[EventDate "2022.12.24"]
[EventType "swiss (rapid)"]
[EventRounds "9"]
[EventCountry "SRB"]
[SourceTitle "EXT 2024"]
[Source "ChessBase"]
[SourceDate "2023.10.10"]
[SourceVersion "1"]
[SourceVersionDate "2023.10.10"]
[SourceQuality "1"]

1. Nf3 d5 2. c4 e6 3. d4 c6 4. Qc2 Nf6 5. Bf4 Be7 6. e3 Nbd7 7. Nc3 h6 8. Bd3 0-0 9. 0-0 Nh5 10. Bg3 Nxg3 11. hxg3 Bd6 12. Rad1 Qe7 13. e4 dxc4 14. Bxc4 e5 15. Bb3 Re8 16. Rfe1 a6 17. Nh4 Bc7 18. Nf5 Qf6 19. d5 Nc5 20. dxc6 bxc6 21. Nd5 cxd5 22. Qxc5 Bb6 23. Qxd5 Bxf5 24. exf5 Qxf5 25. Qf3 Qxf3 26. gxf3 Rad8 27. Bc4 Bd4 28. b3 Bc3 29. Rxd8 Rxd8 30. Re3 Bd4 31. Re4 Kf8 32. Kg2 a5 33. g4 Bc3 34. f4 Rd4 35. Rxd4 Bxd4 36. fxe5 Bxe5 37. Kf3 Ke7 38. Ke4 Bc3 39. f4 f6 40. Kd5 g6 41. Bd3 h5 42. gxh5 gxh5 43. Be2 h4 44. Bg4 1/2-1/2

[Event "SRB-chT Premier"]
[Site "Vrnjacka Banja"]
[Date "2022.09.27"]
[Round "8.2"]
[White "Todorovic, Goran N"]
[Black "Krstic, Petar"]
[Result "1/2-1/2"]
[WhiteElo "2305"]
[BlackElo "2290"]
[PlyCount "73"]
[EventDate "2022.09.20"]
[EventType "team-tourn"]
[EventRounds "11"]
[EventCountry "SRB"]
[SourceTitle "CBM 210 Extra"]
[Source "ChessBase"]
[SourceDate "2022.11.30"]
[SourceVersion "1"]
[SourceVersionDate "2022.11.30"]
[SourceQuality "1"]
[WhiteTeam "Vladimirci"]
[BlackTeam "Subotica Spartak"]
[WhiteTeamCountry "SRB"]
[BlackTeamCountry "SRB"]

1. Nf3 d5 2. c4 c6 3. g3 Nf6 4. Bg2 dxc4 5. Qc2 Qd5 6. Na3 b5 7. b3 cxb3 8. axb3 Bb7 9. Bb2 e6 10. 0-0 Qd8 11. Ng5 a6 12. Ne4 Nbd7 13. Nxf6+ gxf6 14. Qe4 h5 15. h4 Bg7 16. Rac1 Rc8 17. d4 f5 18. Qb1 Nf6 19. Nc2 a5 20. Ne1 Nd5 21. Nd3 Qb6 22. Nc5 b4 23. Qd3 Ra8 24. e4 fxe4 25. Qxe4 Rh6 26. Rfe1 Rd8 27. Qf5 Bc8 28. Qg5 Bf8 29. Re2 Qa7 30. Bxd5 cxd5 31. Qg8 Rg6 32. Qh8 Rh6 33. Qg8 Rg6 34. Qh7 Rh6 35. Qg8 Rg6 36. Qh8 Rh6 37. Qg8 1/2-1/2

[Event "SRB-chT Premier"]
[Site "Vrnjacka Banja"]
[Date "2022.09.22"]
[Round "3.5"]
[White "Todorovic, Goran N"]
[Black "Radivojevic, Milan R"]
[Result "1-0"]
[WhiteElo "2305"]
[BlackElo "2172"]
[PlyCount "91"]
[EventDate "2022.09.20"]
[EventType "team-tourn"]
[EventRounds "11"]
[EventCountry "SRB"]
[SourceTitle "CBM 210 Extra"]
[Source "ChessBase"]
[SourceDate "2022.11.30"]
[SourceVersion "1"]
[SourceVersionDate "2022.11.30"]
[SourceQuality "1"]
[WhiteTeam "Vladimirci"]
[BlackTeam "Grocka Vinogradi"]
[WhiteTeamCountry "SRB"]
[BlackTeamCountry "SRB"]

1. Nf3 d5 2. c4 c6 3. g3 Nf6 4. Bg2 Bf5 5. cxd5 cxd5 6. Qb3 Qb6 7. Qxb6 axb6 8. Nc3 Bd7 9. d3 e6 10. 0-0 Bc5 11. a3 d4 12. Na2 Nc6 13. Bf4 Nd5 14. Bd2 Be7 15. Nb4 Bf6 16. Nxd5 exd5 17. Bg5 Bxg5 18. Nxg5 f6 19. Nf3 Ke7 20. Rfc1 Kd6 21. Kf1 Rhc8 22. h3 g5 23. Rc2 h5 24. Rac1 g4 25. hxg4 hxg4 26. Nh4 Ne7 27. Rxc8 Rxc8 28. Rxc8 Bxc8 29. Ke1 Bd7 30. Kd2 Ke5 31. Bh1 f5 32. f4+ Kd6 33. Ng2 Be6 34. Ne1 Nc6 35. Nc2 Kc5 36. Bg2 Bf7 37. b4+ Kb5 38. Kc1 Ka4 39. Kb2 Be6 40. Bf1 Bf7 41. e3 Be6 42. Be2 dxe3 43. d4 Bf7 44. Bd3 Be6 45. Nxe3 Nxd4 46. Nd1 1-0

[Event "EU-ch Online 2300+ Qual"]
[Site "Chess.com INT"]
[Date "2020.05.29"]
[Round "2"]
[White "Todorovic, Goran N"]
[Black "Novoselski, Zoran"]
[Result "1/2-1/2"]
[WhiteElo "2307"]
[BlackElo "2318"]
[PlyCount "127"]
[EventDate "2020.05.29"]
[EventType "swiss"]
[EventRounds "8"]
[EventCountry "NET"]
[SourceTitle "CBM 196 Extra"]
[Source "ChessBase"]
[SourceDate "2020.07.31"]
[SourceVersion "1"]
[SourceVersionDate "2020.07.31"]
[SourceQuality "1"]

1. Nf3 g6 2. c4 Bg7 3. Nc3 c5 4. g3 Nc6 5. Bg2 e6 6. 0-0 Nge7 7. e3 0-0 8. d4 cxd4 9. Nxd4 a6 10. Nde2 Qc7 11. e4 d6 12. Be3 Rb8 13. Rc1 Bd7 14. b3 Rfd8 15. Nd5 exd5 16. cxd5 Bg4 17. dxc6 bxc6 18. h3 Bd7 19. Qd2 Be8 20. Rfd1 Be5 21. f4 Bg7 22. Kh2 Qb7 23. Bd4 d5 24. Bxg7 Kxg7 25. e5 Qb4 26. Nd4 Qxd2 27. Rxd2 h5 28. Rc5 Rb6 29. g4 hxg4 30. hxg4 Bd7 31. Kg3 Ra8 32. Bf1 a5 33. a3 Rbb8 34. Bd3 f6 35. e6 Be8 36. f5 Rb6 37. Kf4 g5+ 38. Ke3 Ng8 39. Kf3 Ra7 40. Rdc2 Ne7 41. Rh2 Ng8 42. Ke3 Ne7 43. Rc1 Ng8 44. Rc5 Ne7 45. Be2 Ng8 46. Rc1 Re7 47. Rc3 Kf8 48. Kd2 Rg7 49. Rh8 Rc7 50. Rc5 Kg7 51. Rh3 Ra7 52. Rhc3 Ne7 53. Kc2 Kf8 54. Nf3 Nc8 55. Nd4 Ne7 56. Rh3 Kg7 57. Kb2 Ng8 58. Rc1 Kf8 59. Rc5 Kg7 60. Kc2 Kf8 61. Bf3 Kg7 62. Be2 Kf8 63. Bd3 Kg7 64. Be2 1/2-1/2

[Event "SRB-chT 1st League"]
[Site "Bajina Basta"]
[Date "2019.09.13"]
[Round "1.3"]
[White "Todorovic, Goran N"]
[Black "Mijailovic, Zoran"]
[Result "1/2-1/2"]
[WhiteElo "2302"]
[BlackElo "2392"]
[PlyCount "48"]
[EventDate "2019.09.13"]
[EventType "team-tourn"]
[EventRounds "11"]
[EventCountry "SRB"]
[SourceTitle "CBM 195 Extra"]
[Source "ChessBase"]
[SourceDate "2020.05.31"]
[SourceVersion "1"]
[SourceVersionDate "2020.05.31"]
[SourceQuality "1"]
[WhiteTeam "Jasenica"]
[BlackTeam "Lucani Mladost"]
[WhiteTeamCountry "SRB"]
[BlackTeamCountry "SRB"]

1. Nf3 Nf6 2. c4 e6 3. Nc3 b6 4. g3 Bb7 5. Bg2 Be7 6. 0-0 0-0 7. d4 d5 8. Ne5 Na6 9. Bf4 c5 10. cxd5 exd5 11. Rc1 Re8 12. Qa4 cxd4 13. Qxd4 Bc5 14. Qa4 Bd6 15. Nd3 Bxf4 16. Nxf4 Nc5 17. Qd1 Qe7 18. b4 Ne6 19. Nfxd5 Nxd5 20. Nxd5 Bxd5 21. Bxd5 Rad8 22. a3 Nc7 23. e4 Nxd5 24. exd5 Qd6 1/2-1/2

[Event "Belgrade ChessAmateur op 5th"]
[Site "Belgrade"]
[Date "2019.01.05"]
[Round "2"]
[White "Krstonijevic, Stjepan"]
[Black "Todorovic, Goran N"]
[Result "1/2-1/2"]
[WhiteElo "2171"]
[BlackElo "2318"]
[PlyCount "70"]
[EventDate "2019.01.04"]
[EventType "swiss"]
[EventRounds "9"]
[EventCountry "SRB"]
[SourceTitle "CBM 188 Extra"]
[Source "ChessBase"]
[SourceDate "2019.02.26"]
[SourceVersion "1"]
[SourceVersionDate "2019.02.26"]
[SourceQuality "1"]

1. d4 Nf6 2. Nf3 b6 3. Bf4 Bb7 4. h3 c5 5. c3 g6 6. e3 Bg7 7. Bd3 0-0 8. Nbd2 d5 9. 0-0 Nc6 10. Qe2 e6 11. Bh2 Nd7 12. Ba6 Bxa6 13. Qxa6 Qc8 14. Qe2 Qb7 15. Rab1 cxd4 16. cxd4 Rfc8 17. Rfc1 Bf8 18. Ne1 a6 19. Nd3 Nb4 20. Nxb4 Bxb4 21. Nf3 Rxc1+ 22. Rxc1 Rc8 23. Rc2 Rc6 24. Ne5 Nxe5 25. Bxe5 b5 26. h4 Be7 27. h5 f6 28. Bg3 Qc8 29. Rxc6 Qxc6 30. hxg6 hxg6 31. Kh2 Kf7 32. Qd2 g5 33. Qa5 Ke8 34. Qd2 Kd7 35. b3 Kc8 1/2-1/2

[Event "EU-ch rapid"]
[Site "Skopje"]
[Date "2018.12.09"]
[Round "9"]
[White "Dvirnyy, Danyyil"]
[Black "Todorovic, Goran N"]
[Result "1-0"]
[WhiteElo "2485"]
[BlackElo "2318"]
[PlyCount "44"]
[EventDate "2018.12.08"]
[EventType "swiss (rapid)"]
[EventRounds "13"]
[EventCountry "MKD"]
[SourceTitle "CBM 187 Extra"]
[Source "ChessBase"]
[SourceDate "2018.11.04"]
[SourceVersion "1"]
[SourceVersionDate "2018.11.04"]
[SourceQuality "1"]

1. e4 d6 2. d4 Nf6 3. Nc3 g6 4. Nf3 Bg7 5. Be2 0-0 6. 0-0 Nc6 7. d5 Nb8 8. Re1 c6 9. a4 a5 10. Bf4 Nbd7 11. Qd2 Qb6 12. Bf1 Nc5 13. h3 Qb4 14. Bh6 Re8 15. Bxg7 Kxg7 16. dxc6 bxc6 17. e5 dxe5 18. Nxe5 Bb7 19. Bc4 Rad8 20. Qe3 Nd5 21. Nxd5 cxd5 22. Bb5 d4 1-0

[Event "EU-ch rapid"]
[Site "Skopje"]
[Date "2018.12.08"]
[Round "3"]
[White "Anton Guijarro, David"]
[Black "Todorovic, Goran N"]
[Result "1-0"]
[WhiteElo "2642"]
[BlackElo "2318"]
[PlyCount "149"]
[EventDate "2018.12.08"]
[EventType "swiss (rapid)"]
[EventRounds "13"]
[EventCountry "MKD"]
[SourceTitle "CBM 187 Extra"]
[Source "ChessBase"]
[SourceDate "2018.11.04"]
[SourceVersion "1"]
[SourceVersionDate "2018.11.04"]
[SourceQuality "1"]

1. e4 d6 2. Nc3 g6 3. f4 Bg7 4. Nf3 Nf6 5. d3 c5 6. Be2 Nc6 7. 0-0 0-0 8. Qe1 Ne8 9. Qh4 e6 10. Qf2 Nd4 11. Bd1 b6 12. Be3 Nxf3+ 13. Bxf3 Bb7 14. Rad1 Qe7 15. d4 cxd4 16. Bxd4 e5 17. Be3 exf4 18. Bxf4 Be5 19. Qd2 Rc8 20. Bxe5 dxe5 21. a3 Qc5+ 22. Kh1 Ng7 23. Bg4 Rc7 24. Qg5 Qe7 25. Qxe7 Rxe7 26. h4 f5 27. Bf3 Rc8 28. Rd2 Rec7 29. Re1 Re8 30. Nb5 Rce7 31. Kh2 Bxe4 32. Bxe4 fxe4 33. Rxe4 Nf5 34. Kh3 h5 35. a4 Kg7 36. Nd6 Nxd6 37. Rxd6 Re6 38. Rd5 Kf6 39. g4 hxg4+ 40. Kxg4 R8e7 41. c3 Rc7 42. Rd3 Kg7 43. Rde3 Rce7 44. Kg5 Re8 45. Rd3 R8e7 46. Rd5 Re8 47. c4 R8e7 48. b4 Kf7 49. c5 bxc5 50. Rxc5 a6 51. Rd5 Rb7 52. b5 axb5 53. axb5 Rbe7 54. Rc5 Re8 55. Rc7+ R8e7 56. Rxe7+ Kxe7 57. Rb4 Rb6 58. Rb1 Kf7 59. Kg4 Ke6 60. Kf3 Kd5 61. Ke3 Kd6 62. Ke4 Ke6 63. Rb2 Kd6 64. Rd2+ Ke6 65. Rd5 Kf6 66. Rxe5 Rb8 67. Rc5 Rh8 68. b6 Rxh4+ 69. Kd5 Rb4 70. Kc6 g5 71. b7 Rxb7 72. Kxb7 Kg6 73. Kc6 Kh5 74. Kd5 Kg4 75. Ke4 1-0

[Event "SRB-chT Central"]
[Site "Kragujevac"]
[Date "2018.09.20"]
[Round "9.3"]
[White "Todorovic, Goran N"]
[Black "Djordjevic, Vuk D"]
[Result "1/2-1/2"]
[WhiteElo "2326"]
[BlackElo "2404"]
[PlyCount "96"]
[EventDate "2018.09.14"]
[EventType "team-tourn"]
[EventRounds "11"]
[EventCountry "SRB"]
[SourceTitle "CBM 186 Extra"]
[Source "ChessBase"]
[SourceDate "2018.08.24"]
[SourceVersion "1"]
[SourceVersionDate "2018.08.24"]
[SourceQuality "1"]
[WhiteTeam "Smederevska Palanka Jasenica"]
[BlackTeam "Lucani Mladost"]
[WhiteTeamCountry "SRB"]
[BlackTeamCountry "SRB"]

1. c4 e5 2. Nc3 Nc6 3. Nf3 g6 4. d4 exd4 5. Nxd4 Bg7 6. Nxc6 bxc6 7. g3 Ne7 8. Bg2 0-0 9. 0-0 Rb8 10. Qa4 d6 11. Rd1 c5 12. Qc2 a5 13. Rb1 Bf5 14. Be4 Qd7 15. Bxf5 Nxf5 16. e3 Nh6 17. Bd2 Qh3 18. Qe4 Ng4 19. Qg2 Qh5 20. b3 Ne5 21. Nd5 a4 22. h3 axb3 23. axb3 Rxb3 24. g4 Rxb1 25. Rxb1 Qh4 26. Rc1 c6 27. Nf4 f5 28. Bc3 fxg4 29. hxg4 Qe7 30. Bxe5 dxe5 31. Qe4 Qh4 32. Nd3 h5 33. Kg2 hxg4 34. Rh1 Qg5 35. Kf1 Qf5 36. Qxf5 gxf5 37. Nxc5 f4 38. Kg2 g3 39. exf4 Rxf4 40. f3 Rxc4 41. Ne4 Rc2+ 42. Kxg3 Kf7 43. Rd1 Bf8 44. Kg4 Kg6 45. Rd8 Ba3 46. Rg8+ Kf7 47. Ra8 Be7 48. Kf5 Rc5 1/2-1/2

[Event "SRB-chT Central"]
[Site "Kragujevac"]
[Date "2018.09.18"]
[Round "6.6"]
[White "Stankovic, Milos"]
[Black "Todorovic, Goran N"]
[Result "1/2-1/2"]
[WhiteElo "2443"]
[BlackElo "2326"]
[PlyCount "24"]
[EventDate "2018.09.14"]
[EventType "team-tourn"]
[EventRounds "11"]
[EventCountry "SRB"]
[SourceTitle "CBM 186 Extra"]
[Source "ChessBase"]
[SourceDate "2018.08.24"]
[SourceVersion "1"]
[SourceVersionDate "2018.08.24"]
[SourceQuality "1"]
[WhiteTeam "Petrovac Sloga"]
[BlackTeam "Smederevska Palanka Jasenica"]
[WhiteTeamCountry "SRB"]
[BlackTeamCountry "SRB"]

1. e4 e5 2. Nc3 Nf6 3. g3 Bb4 4. Bg2 0-0 5. Nge2 c6 6. d4 d5 7. dxe5 Nxe4 8. 0-0 Nxc3 9. bxc3 Ba5 10. Be3 Re8 11. Bd4 Nd7 12. f4 f6 1/2-1/2